Urban government financial structure and management in developing countries (Record no. 416219)

000 -LEADER
fixed length control field 00394cam a22001217a 4500
008 - FIXED-LENGTH DATA ELEMENTS--GENERAL INFORMATION
fixed length control field 180718b1961 xxu||||| |||| 00| 0 eng d
082 ## - DEWEY DECIMAL CLASSIFICATION NUMBER
Classification number Lm B14
100 ## - MAIN ENTRY--PERSONAL NAME
Personal name Bahl, Roy
245 ## - TITLE STATEMENT
Title Urban government financial structure and management in developing countries
Statement of responsibility, etc. by Roy Bahl
260 ## - PUBLICATION, DISTRIBUTION, ETC.
Place of publication, distribution, etc. Oxford
Name of publisher, distributor, etc. Oxford University Press
Date of publication, distribution, etc. 1961
300 ## - PHYSICAL DESCRIPTION
Extent 94p.
650 ## - SUBJECT ADDED ENTRY--TOPICAL TERM
Topical term or geographic name entry element Municipal Finance - Undevelopment Areas
Holdings
Withdrawn status Lost status Damaged status Not for loan Permanent Location Current Location Date acquired Full call number Barcode Date last seen Price effective from Koha item type
        Indian Institute of Public Administration Indian Institute of Public Administration 2009-03-13 Lm B14 D1807 2018-07-21 2018-07-21 D

Powered by Koha